The independent gazetteer, and agricultural repository.

Bibliographic Details
New Title:Independent gazetteer (Philadelphia, Pa.)
Previous Title:Independent gazetteer, or, The chronicle of freedom
Format: Microform Newspaper
Language:English
Published: Philadelphia [Pa.] : Eleazar Oswald, 1790-1794.
Subjects:

MARC

Tag First Indicator Second Indicator Subfields
LEADER 00000cas a2200000Ia 4500
001 in00002860310
005 20151203084434.0
007 hd afb---bucu
008 980304d17901794pauwr nea 0 0eng d
035 |a (OCoLC)ocm38548437 
040 |a ORU  |c ORU  |d OCL  |d MBB  |d TXA  |d UtOrBLW 
043 |a n-us-pa 
049 |a TXAM 
050 1 4 |a AN2.P4  |b I6 
099 |a film  |a N  |a 484 reel 8 
245 0 4 |a The independent gazetteer, and agricultural repository. 
264 1 |a Philadelphia [Pa.] :  |b Eleazar Oswald,  |c 1790-1794. 
300 |a volumes 
310 |a Weekly 
336 |a text  |b txt  |2 rdacontent 
337 |a microform  |b h  |2 rdamedia 
338 |a microfilm reel  |b hd  |2 rdacarrier 
362 0 |a No. 1271 (Jan. 16, 1790)-no. 1478 (Jan. 4, 1794). 
588 |a Description based on: No. 1271 (Jan. 16, 1790); title from masthead. 
588 |a Latest issue consulted: No. 1478 (Jan. 4, 1794). 
533 |a Microfilm.  |m no.1271-1478 (1790-1794).  |b Philadelphia :  |c Microsurance, Inc.,  |d 1955.  |e 1 microfilm reel ; 35 mm.  |n On reel with earlier and later titles. 
500 |a Microform. 
651 0 |a Philadelphia (Pa.)  |v Newspapers. 
752 |a United States  |b Pennsylvania  |c Philadelphia  |d Philadelphia. 
776 1 |c Original  |w (DLC)sn 83025885  |w (OCoLC)9863321 
780 0 0 |t Independent gazetteer, or, The chronicle of freedom  |w (OCoLC)38548431 
785 0 0 |t Independent gazetteer (Philadelphia, Pa.)  |w (OCoLC)38548447 
994 |a C0  |b TXA 
948 |a cataloged  |b h  |c 2013/3/7  |d c  |e coplinger  |f 8:24:36 am 
999 |a MARS 
999 f f |s 409f19a5-3473-36a7-8d52-d77900c372a6  |i b3a35395-e685-39cf-9020-374e02ba21de  |t 0 
952 f f |a Texas A&M University  |b College Station  |c Sterling C. Evans Library  |d Evans: Microforms (3rd floor)  |t 0  |e film N 484 reel 8  |h Other scheme 
998 f f |a film N 484 reel 8  |s 1790:Jan.16-1794:Jan.4  |t 0  |l Evans: Microforms (3rd floor)